| 000 | 00911nam a2200241 a 4500 | ||
|---|---|---|---|
| 001 | 000024743 | ||
| 005 | 20200930023337.0 | ||
| 008 | 110203s1972 sp r 000 0 spa d | ||
| 040 |
_aDO-SdBNP _bspa _cBNPHU |
||
| 041 | 1 | 7 |
_aspa _hita _2Código de idiomas MARC |
| 082 |
_ann* _bnn* |
||
| 100 | 1 |
_aQuinzio, Sergio. _950767 |
|
| 240 | 1 | 0 |
_aChe cosa ha veramente detto teilhard de chardin. _lEspañol |
| 245 | 1 | 0 |
_aQué ha dicho verdaderamente Teilhard de Chardin / _cSergio Quinzio ; traducción de Angel Sánchez-Gijón Martínez. |
| 260 |
_aMadrid : _bDoncel, _c1972. |
||
| 300 |
_a174 p. ; _c18 cm. |
||
| 490 | 1 |
_aQué ha dicho verdaderamente. _v14 |
|
| 534 |
_aTítulo original : _tChe cosa ha veramente detto teilhard de chardin |
||
| 504 | _aBibliografía : [166]-171 p. | ||
| 700 | 1 |
_aSánchez-Gijón Martínez, Angel, _etr. _950768 |
|
| 830 | 0 |
_aQué ha dicho verdaderamente _v14 _933187 |
|
| 049 | _aBNGR | ||
| 999 |
_c24236 _d24236 |
||